Tout les WWE Champions depuis 1963 - Statistiques

Statistiques générales
  • Ce quiz a été pris 5 978 fois
    5 788 depuis la dernière actualisation
  • Le résultat moyen est 103 sur 140
Statistiques - réponses
Prise de titre Catcheur % Correct
13 Septembre 2009 | 17 Septembre 2006 | 18 Septembre 2011 | +10 others John Cena
97%
15 Juin 2009 | 18 Août 2013 | 19 Septembre 2010 | +6 others Randy Orton
94%
15 Février 2009 | 17 Mars 2002 | 21 Mai 2000 | +6 others Triple H
93%
14 Décembre 2015 | 22 Novembre 2015 | 3 Avril 2016 Roman Reigns
92%
19 Mai 2002 | 23 Mai 1999 | 23 Mars 1997 | 27 Novembre 1991 The Undertaker
92%
17 Août 2014 | 18 Septembre 2003 | 25 Août 2002 | +2 others Brock Lesnar
90%
19 Juin 2016 | 29 Mars 2015 Seth Rollins
89%
2 Avril 1989 | 21 Avril 2002 | 23 Janvier 1984 | +3 others Hulk Hogan
87%
15 Février 1999 | 15 Novembre 1998 | 21 Juillet 2002 | +5 others The Rock
87%
23 Novembre 2008 | 25 Janvier 2009 | 3 Juillet 2006 | 8 Janvier 2006 Edge
84%
25 Juillet 2011 Rey Mysterio
84%
17 Juillet 2011 | 20 Novembre 2011 CM Punk
81%
19 Janvier 1997 | 9 Novembre 1997 Shawn Michaels
81%
21 Février 2010 | 7 Juin 2009 Batista
80%
31 Mars 1996 Shawn Michaels
80%
1er Avril 2001 | 28 Juin 1999 | 28 Mars 1999 | 8 Octobre 2001 Stone Cold Steve Austin
80%
28 Juin 1998 Kane
79%
19 Juin 2016 Dean Ambrose
78%
14 Novembre 1999 | 17 Novembre 2002 Big Show
75%
21 Février 2021 | 22 Novembre 2010 The Miz
75%
7 Avril 2019 Kofi Kingston
74%
19 Janvier 1992 | 1er Septembre 1992 Ric Flair
73%
13 Novembre 2018 | 15 Septembre 2013 | 18 Août 2013 | 6 Avril 2014 Daniel Bryan
72%
13 Décembre 2009 | 20 Juin 2010 | 22 Novembre 2015 Sheamus
72%
14 Décembre 2008 Jeff Hardy
71%
11 Septembre 2016 | 7 Novembre 2017 AJ Styles
68%
5 Février 1988 Andre The Giant
68%
12 Octobre 1992 | 16 Fébrier 1997 | 19 Novembre 1995 | +2 others Bret Hart
67%
16 Novembre 2020 | 5 Avril 2020 Drew McIntyre
67%
12 Février 2017 Bray Wyatt
65%
14 Août 2011 | 2 Octobre 2011 Alberto del Rio
64%
9 Décembre 2001 Chris Jericho
62%
21 Mai 2017 Jinder Mahal
59%
13 Février 2004 Eddie Guerrero
57%
15 Décembre 2002 | 22 Octobre 2000 | 23 Septembre 2001 | 27 Juillet 2003 Kurt Angle
55%
10 Décembre 1973 | 17 Mai 1963 Bruno Sammartino
54%
16 Septembre 1999 Vince McMahon
53%
27 Mars 1988 | 5 Avril 1992 Randy Savage
52%
29 Juin 1998 | 29 Mars 1998 Stone Cold Steve Austin
52%
1er Avril 1990 The Ultimate Warrior
49%
13 Juin 1993 | 4 Avril 1993 Yokozuna
47%
27 Juin 2004 John Bradshaw Layfield
46%
26 Novembre 1994 Diesel
41%
22 Août 1999 | 31 Janvier 1999 | 4 Janvier 1999 Mankind
41%
11 Juin 2006 Rob Van Dam
41%
20 Février 1978 | 23 Novembre 1994 Bob Backlund
27%
19 Janvier 1991 Sgt. Slaughter
21%
17 Février 1997 | 17 Novembre 1996 Sycho Sid
21%
26 Décembre 1983 The Iron Sheik
21%
8 Février 1971 Pedro Morales
16%
25 Avril 1963 Buddy Rogers
14%
30 Avril 1977 Billy Graham
10%
18 Janvier 1971 Ivan Koloff
9%
1er Décembre 1973 Stan Stasiak
6%
Aucun quiz correspondant
Distribution des résultats
% des personnes avec chaque résultat
Percentile par nombre de réponses
Votre historique - résultats
Vous n’avez pas pris ce quiz depuis la dernière actualisation